000 00451nmm a2200145Ia 4500
008 251105s9999||||xx |||||||||||||||||und||
041 _apor
100 _aMarques , Isabel Baía
245 0 _aMulheres Fortes Também Choram
264 _a[Lisboa, Portugal] :
_bAlma dos Livros,
_c[Fecha de publicación no identificada]
300 _a0 páginas
650 _aLiterature
856 _uhttps://public.digitaliapublishing.com/a/134998
942 _cCF
999 _c104139
_d104139